Temas de crítica y estilo /

Guardado en:
Autor Principal: Ciocchini, Héctor
Otros Autores: Agesta, Nieves, pról.
Formato: Libro
Publicado: Bahía Blanca : 17grises, 2010
Series:Colección Lindante / materiales
Materias:
Etiquetas: Agregar Etiqueta
Sin Etiquetas, Sea el primero en etiquetar este registro!
LEADER 00696nam a22002295a 4500
001 CEM.cems013426
005 20101020120417.0
008 130507s2010##################000#0#####d
003 CEMS
020 |a 9789871724055 
082 0 4 |a A864.4 
100 1 |a Ciocchini, Héctor 
245 1 0 |a Temas de crítica y estilo /  |c Héctor Ciocchini ; estudio Preliminar de Nieves Agesta 
260 |a Bahía Blanca :  |b 17grises,  |c 2010 
300 |a 136 p. 
490 0 |a Colección Lindante / materiales 
653 |a Literatura 
653 |a Literatura bahiense 
653 |a Ensayo 
653 |a Ensayo bahiense 
700 1 |a Agesta, Nieves, pról. 
859 |a CEMS  |b BIB. CEMS - 11 de abril  |h A864.4  |i C493  |p 25941.10  |t Ej.1